000 00403cam a22001337a 4500
008 180718b1967 xxu||||| |||| 00| 0 eng d
082 _aZ41x54 L45
100 _aLaxminarayan, H.
245 _aGlimpses of cooperative farming in India
_cby H. Laxminarayan and Kissen Kanungo
260 _aBombay
_bAsia
_c1967
300 _a144p.
650 _aAgriculture, Cooperative --India
700 _aKanungo, Kissen
999 _c371707
_d371707